| 000 | 01009nam a2200289 i 4500 | ||
|---|---|---|---|
| 001 | bg | ||
| 245 | 7 | 0 |
_aGeometry and optimization techniques for structural design / _ced. S[rinivas] Kodiyalam, M[ukul] Saxena. |
| 260 |
_aSouthampton [i in.] : _bComputational Mechanics Publication [i in.], _c1994. |
||
| 300 |
_a[11], 386 s. : _brys. ; _c25 cm. |
||
| 490 | 1 | _aInternational Series on Computational Engineering | |
| 504 | _aBibliogr. przy rozdz. | ||
| 650 | 9 |
_aOptymalizacja _xstosowanie _xmechanika |
|
| 650 | 9 | _aCAD | |
| 650 | 9 |
_aProjektowanie _xautomatyzacja |
|
| 650 | 9 |
_aAnaliza numeryczna _xstosowanie _xmechanika |
|
| 650 | 9 |
_aKonstrukcje _xmechanika _xteoria |
|
| 700 | 1 |
_aKODIYALAM, Srinivas. _eRed. |
|
| 700 | 1 |
_aSAXENA, Mukul. _eRed. |
|
| 830 | _aInternational Series on Computational Engineering | ||
| 020 | _a1853122343 | ||
| 040 | _cBPK | ||
| 041 | 0 | _aen | |
| 080 | _a621.01:519.61/.65:519.8 | ||
| 920 | _a1-85312-234-3 | ||
| 942 | _cKS | ||
| 008 | s pl f |000 0 pol | ||
| 999 |
_c30592 _d30592 |
||
| 856 |
_uhttp://koha.tu.koszalin.pl/cgi-bin/koha/opac-detail.pl?biblionumber=30592 _yKatalog online BPK |
||